000 00320nab a22001097u 4500
008 130520b1984 xxu||||| |||| 00| 0 spa d
041 _aspa
100 1 _aPixley, J.
_967338
245 0 0 _aPueblo de Dios en la tradición bíblica
_cJ. Pixley
773 0 _tConcilium
_gV.2,1984,págs.341-351
_x0210-1041
_wRev134
942 _cAR
999 _c355121
_d355121